| 000 -LEADER | |
|---|---|
| fixed length control field | 00658nam a2200193Ia 4500 |
| 001 - CONTROL NUMBER | |
| control field | 22212 |
| 008 - FIXED-LENGTH DATA ELEMENTS--GENERAL INFORMATION | |
| fixed length control field | 181215s9999||||xx |||||||||||||| ||und|| |
| 041 ## - LANGUAGE CODE | |
| Language code of text/sound track or separate title | eng |
| 082 ## - DEWEY DECIMAL CLASSIFICATION NUMBER | |
| Classification number | 823.9109 |
| Item number | BLO |
| 100 ## - MAIN ENTRY--PERSONAL NAME | |
| Personal name | Bloom, Clive. |
| 245 ## - TITLE STATEMENT | |
| Title | Bestsellers: popular fiction since 1900 / |
| Medium | Textual Documents |
| 260 ## - PUBLICATION, DISTRIBUTION, ETC. (IMPRINT) | |
| Place of publication, distribution, etc | Houndmills : |
| Name of publisher, distributor, etc | Palyrave Macmillan , |
| Date of publication, distribution, etc | 2002 |
| 300 ## - PHYSICAL DESCRIPTION | |
| Extent | 136p. ; |
| 653 ## - INDEX TERM--UNCONTROLLED | |
| Uncontrolled term | Best sellers-Great Britain-Bibliography |
| 653 ## - INDEX TERM--UNCONTROLLED | |
| Uncontrolled term | English fiction-20th century-History and criticism |
| 653 ## - INDEX TERM--UNCONTROLLED | |
| Uncontrolled term | Popular literature-Great Britain-History and criticism |
| 653 ## - INDEX TERM--UNCONTROLLED | |
| Uncontrolled term | Books and reading-Great Britain-History-20th century |
| Withdrawn status | Lost status | Damaged status | Not for loan | Permanent Location | Current Location | Date acquired | Full call number | Barcode | Date last seen | Price effective from | Koha item type |
|---|---|---|---|---|---|---|---|---|---|---|---|
| Kuvempu University Library | Kuvempu University Library | 2018-12-16 | 823.9109 | 55316 | 2026-03-12 | 2018-12-16 | Books |